| 000 | 01178nam a2200277 a 4500 | ||
|---|---|---|---|
| 001 | 393 | ||
| 003 | BR-CuiBMT | ||
| 005 | 20231126225639.0 | ||
| 008 | 231103b2022 mgba 000 0 por d | ||
| 020 | _a9786555183177 | ||
| 040 |
_aBR-CuiBMT _cBR-CuiBMT |
||
| 080 |
_22007 _a351.712 |
||
| 090 |
_a351.712 _bC512a _c2. ed. |
||
| 100 | 1 | _aChaves, Luiz Claudio de Azevedo | |
| 245 | 1 | 2 |
_aA atividade de planejamento e análise de mercado nas contratações governamentais : _ba atividade de planejar e pesquisar preços de mercado nas licitações públicas e justificativa de preço nas contratações diretas da administração pública / _cLuiz Claudio de Azevedo Chaves ; Benjamin Zymler, prefácio. |
| 250 | _a2. ed., rev. e atual. | ||
| 260 |
_aBelo Horizonte : _bFórum, _c2022. |
||
| 300 |
_a226 p. : _bil. ; _c22 cm |
||
| 500 | _aEdição revista e atualizada de acordo com a Lei nº 14.133/2021 e IN nº 065/2021/SEGES/ME. | ||
| 504 | _aInclui bibliografia. | ||
| 650 |
_aAdministração pública _zBrasil |
||
| 650 |
_aDireito administrativo _zBrasil |
||
| 650 |
_aContrato administrativo _xAdministração pública |
||
| 650 | _aGestão pública | ||
| 942 |
_2udc _cLV |
||
| 999 |
_c393 _d393 |
||